Natural gas: A study

Gorde:
Xehetasun bibliografikoak
Egile nagusia: E N Tiratsoo
Formatua: Liburua
Hizkuntza:Undetermined
Argitaratua: New York Plenum 1967
Gaiak:
Etiketak: Etiketa erantsi
Etiketarik gabe, Izan zaitez lehena erregistro honi etiketa jartzen!
Thư viện lưu trữ: Trung tâm Học liệu Trường Đại học Cần Thơ
LEADER 00449nam a2200181Ia 4500
001 CTU_3416
008 210402s9999 xx 000 0 und d
082 |a 553.285 
082 |b T596 
100 |a E N Tiratsoo 
245 0 |a Natural gas: A study 
245 0 |c E N Tiratsoo 
260 |a New York 
260 |b Plenum 
260 |c 1967 
650 |a natural gas 
904 |i Minh, 960907 
980 |a Trung tâm Học liệu Trường Đại học Cần Thơ